[Event "Titled Tuesday intern op 13th Feb Early"]
[Site "Chess.com INT"]
[Date "2024.02.13"]
[Round "1"]
[White "Gracia Alvarez, Gerardo Antonio"]
[Black "Pranav, V."]
[Result "0-1"]
[WhiteElo "2225"]
[BlackElo "2611"]
[PlyCount "94"]
[EventDate "2024.02.13"]
[EventType "swiss (blitz)"]
[EventRounds "11"]
[EventCountry "USA"]
[SourceTitle "CB08_2024"]
[SourceDate "2024.02.21"]
[SourceVersion "1"]
[SourceVersionDate "2024.02.21"]
[SourceQuality "1"]

1. e4 e5 2. Nf3 Nc6 3. Nc3 Nf6 4. Bb5 Bb4 5. 0-0 0-0 6. Bxc6 bxc6 7. Nxe5 Bxc3 8. dxc3 Nxe4 9. Qf3 Nc5 10. Be3 Ne6 11. Rad1 Qe7 12. Rfe1 f6 13. Nd3 Qf7 14. Nc5 Nxc5 15. Bxc5 d6 16. Qxc6 Rb8 17. Ba3 Bb7 18. Qa4 Qg6 19. Qc4+ Rf7 20. Qf1 Qxc2 21. Qe2 Qg6 22. f3 h5 23. h4 a5 24. b3 Bc6 25. Qf2 a4 26. b4 Bb5 27. Rd4 Bd3 28. c4 Rff8 29. Qd2 Bf5 30. b5 Rfe8 31. Rxe8+ Rxe8 32. Qf2 Bd3 33. Kh2 Re2 34. Qg3 Rxa2 35. Qxg6 Bxg6 36. Bb4 Rb2 37. c5 dxc5 38. Bxc5 Rxb5 39. Be7 Be8 40. Bd8 c5 41. Rxa4 Rb8 42. Bc7 Rb7 43. Ra8 Rxc7 44. Rxe8+ Kf7 45. Re3 c4 46. Rc3 Ke6 47. Kg3 Ke5 0-1

[Event "Titled Tuesday intern op 13th Feb Early"]
[Site "Chess.com INT"]
[Date "2024.02.13"]
[Round "2"]
[White "Prieto Aranguren, Alain"]
[Black "Gracia Alvarez, Gerardo Antonio"]
[Result "0-1"]
[WhiteElo "2171"]
[BlackElo "2225"]
[PlyCount "102"]
[EventDate "2024.02.13"]
[EventType "swiss (blitz)"]
[EventRounds "11"]
[EventCountry "USA"]
[SourceTitle "CB08_2024"]
[SourceDate "2024.02.21"]
[SourceVersion "1"]
[SourceVersionDate "2024.02.21"]
[SourceQuality "1"]

1. e4 c5 2. Bc4 e6 3. Qf3 Nc6 4. d3 Nf6 5. Nc3 Be7 6. Nge2 0-0 7. 0-0 a6 8. Bg5 b5 9. Bb3 Bb7 10. a4 b4 11. Nd1 d5 12. exd5 Nxd5 13. Bxe7 Ncxe7 14. Qg3 Nf5 15. Qh3 Qf6 16. Ng3 Nxg3 17. hxg3 Rad8 18. Qh4 Qg6 19. Ne3 Nxe3 20. fxe3 h6 21. Rf4 Bd5 22. Bxd5 Rxd5 23. Rg4 Rg5 24. Rxg5 Qxg5 25. Qxg5 hxg5 26. Kf2 Rd8 27. b3 f6 28. e4 Kf7 29. Rh1 Kg6 30. Ke3 f5 31. Kf3 Rd4 32. exf5+ exf5 33. Rh8 f4 34. Ra8 fxg3 35. Rxa6+ Kf5 36. Rc6 Rd5 37. a5 Ke5 38. a6 Kd4 39. a7 Rd8 40. Rd6+ Rxd6 41. a8Q Kc3 42. Qf8 Rf6+ 43. Qxf6+ gxf6 44. Ke4 Kxc2 45. Kd5 Kxb3 46. Kxc5 Kc3 47. d4 b3 48. d5 b2 49. d6 b1Q 50. d7 Qd3 51. Kc6 Kd2 0-1

[Event "Titled Tuesday intern op 13th Feb Early"]
[Site "Chess.com INT"]
[Date "2024.02.13"]
[Round "3"]
[White "Weldegebriel Beraki, Kibrom"]
[Black "Gracia Alvarez, Gerardo Antonio"]
[Result "1-0"]
[WhiteElo "1808"]
[BlackElo "2225"]
[PlyCount "91"]
[EventDate "2024.02.13"]
[EventType "swiss (blitz)"]
[EventRounds "11"]
[EventCountry "USA"]
[SourceTitle "CB08_2024"]
[SourceDate "2024.02.21"]
[SourceVersion "1"]
[SourceVersionDate "2024.02.21"]
[SourceQuality "1"]

1. d4 Nf6 2. c4 g6 3. Nc3 Bg7 4. e4 d6 5. Be2 0-0 6. Nf3 Nbd7 7. Bg5 h6 8. Be3 e5 9. d5 Nc5 10. Nd2 a5 11. b3 Nh7 12. 0-0 f5 13. f3 f4 14. Bf2 g5 15. a3 b6 16. b4 axb4 17. axb4 Rxa1 18. Qxa1 Nd7 19. Nb3 h5 20. c5 bxc5 21. bxc5 Nhf6 22. cxd6 cxd6 23. Qa3 Ne8 24. Nb5 Ndf6 25. Rc1 g4 26. Rc6 g3 27. hxg3 fxg3 28. Bxg3 Bd7 29. Ra6 Bc8 30. Ra7 Bh6 31. Bf2 Nh7 32. Qa5 Qg5 33. Nc7 Bh3 34. Bf1 Nef6 35. Ne6 Bxe6 36. dxe6 h4 37. e7 Re8 38. Ra8 h3 39. Rxe8+ Nxe8 40. Qd8 Qg6 41. g3 Ng5 42. Nd2 Qf7 43. Bc4 Ne6 44. Bxe6 Qxe6 45. Qxe8+ Kg7 46. Qf8+ 1-0

[Event "Titled Tuesday intern op 06th Feb Early"]
[Site "Chess.com INT"]
[Date "2024.02.06"]
[Round "4"]
[White "Garcia Ramos, Daniel"]
[Black "Gracia Alvarez, Gerardo Antonio"]
[Result "1-0"]
[WhiteElo "2442"]
[BlackElo "2225"]
[PlyCount "109"]
[EventDate "2024.02.06"]
[EventType "swiss (blitz)"]
[EventRounds "11"]
[EventCountry "USA"]
[SourceTitle "CB07_2024"]
[SourceDate "2024.02.14"]
[SourceVersion "1"]
[SourceVersionDate "2024.02.14"]
[SourceQuality "1"]

1. Nf3 d5 2. b3 Bf5 3. Bb2 e6 4. g3 Nf6 5. Bg2 h6 6. 0-0 Be7 7. d3 0-0 8. Nbd2 Bh7 9. c4 c6 10. a3 a5 11. Qc2 Nbd7 12. Rfb1 Bd6 13. b4 axb4 14. axb4 Qe7 15. c5 Bc7 16. Rxa8 Rxa8 17. Ra1 Qd8 18. Qb1 e5 19. Rxa8 Qxa8 20. Qa1 Qxa1+ 21. Bxa1 e4 22. dxe4 Nxe4 23. Nb3 f6 24. Kf1 Kf7 25. Ke1 Ke7 26. Nfd4 f5 27. b5 Ndxc5 28. Nxc5 Nxc5 29. bxc6 bxc6 30. Nxc6+ Kd6 31. Nd4 Ba5+ 32. Kd1 Ne4 33. Bxe4 fxe4 34. Nb3 Bb6 35. Bxg7 h5 36. Bd4 Bc7 37. h4 Bf5 38. Kd2 Bc8 39. Ke3 Ba6 40. Nc5 Bc4 41. Na4 Ke6 42. Nb2 Bb5 43. Nd1 Ba5 44. Nb2 Bb4 45. Nd1 Ba5 46. f3 Kf5 47. Nf2 Bb4 48. g4+ Kg6 49. Nh3 hxg4 50. fxg4 Bd7 51. Nf4+ Kh6 52. g5+ Kh7 53. h5 Bd6 54. Nxd5 Bg4 55. Nf6+ 1-0

[Event "Titled Tuesday intern op 06th Feb Early"]
[Site "Chess.com INT"]
[Date "2024.02.06"]
[Round "11"]
[White "Golubev, Mikhail"]
[Black "Gracia Alvarez, Gerardo Antonio"]
[Result "1-0"]
[WhiteElo "2461"]
[BlackElo "2225"]
[PlyCount "97"]
[EventDate "2024.02.06"]
[EventType "swiss (blitz)"]
[EventRounds "11"]
[EventCountry "USA"]
[SourceTitle "CB07_2024"]
[SourceDate "2024.02.14"]
[SourceVersion "1"]
[SourceVersionDate "2024.02.14"]
[SourceQuality "1"]

1. e4 e5 2. Nf3 Nc6 3. Bc4 d6 4. h3 Be7 5. 0-0 Nf6 6. Re1 0-0 7. d4 exd4 8. Nxd4 Nxd4 9. Qxd4 Re8 10. Nc3 h6 11. Bf4 Bf8 12. Rad1 Be6 13. Bb3 Bxb3 14. axb3 Nd7 15. Nd5 g6 16. Qd2 Bg7 17. Bxh6 Bxb2 18. c3 Ba3 19. b4 a5 20. Bg5 f6 21. Nxf6+ Nxf6 22. Qa2+ Kg7 23. Qxa3 Qd7 24. Bxf6+ Kxf6 25. c4 axb4 26. Qxb4 Qc6 27. Rd5 Kf7 28. Qc3 Ra4 29. Rc1 Re6 30. h4 Rf6 31. h5 Ra2 32. hxg6+ Kxg6 33. Qg3+ Kf7 34. f3 Qb6+ 35. c5 Qb2 36. Rcd1 Rg6 37. Qf4+ Rf6 38. Qg4 Qf2+ 39. Kh1 Rg6 40. Rf5+ Kg7 41. Rg5 Rxg5 42. Qxg5+ Kf8 43. cxd6 Qe2 44. Qf6+ Kg8 45. Qg6+ Kf8 46. Rc1 Qd2 47. Qf6+ Kg8 48. Qd8+ Kg7 49. Rxc7+ 1-0

[Event "Titled Tuesday intern op 25th Jul Early"]
[Site "Chess.com INT"]
[Date "2023.07.25"]
[Round "4"]
[White "Castaneda Jimenez, Jhon David"]
[Black "Gracia Alvarez, Gerardo Antonio"]
[Result "1-0"]
[WhiteElo "2123"]
[BlackElo "2201"]
[PlyCount "67"]
[EventDate "2023.07.25"]
[EventType "swiss (blitz)"]
[EventRounds "11"]
[EventCountry "USA"]
[SourceTitle "EXT 2024"]
[Source "ChessBase"]
[SourceDate "2023.10.10"]
[SourceVersion "1"]
[SourceVersionDate "2023.10.10"]
[SourceQuality "1"]

1. d4 Nf6 2. Nf3 g6 3. c4 Bg7 4. Nc3 0-0 5. e4 d6 6. Be2 c5 7. d5 e6 8. 0-0 exd5 9. cxd5 Re8 10. Nd2 Nbd7 11. f3 a6 12. a4 Rb8 13. Nc4 Ne5 14. Na3 h6 15. f4 Ned7 16. Bf3 Nf8 17. Re1 N6d7 18. Nc4 Qc7 19. a5 b5 20. axb6 Nxb6 21. Na5 Bd7 22. Be3 Bb5 23. Nxb5 axb5 24. Nc6 Ra8 25. Qb3 Nc4 26. Rxa8 Rxa8 27. Bc1 Ra1 28. e5 dxe5 29. Qxb5 Nd6 30. Qxc5 e4 31. Bxe4 Bxb2 32. Bd2 Rxe1+ 33. Bxe1 Nxe4 34. Ne7+ 1-0

[Event "Sunnyvale Independence Day op"]
[Site "Sunnyvale"]
[Date "2023.07.03"]
[Round "7"]
[White "Guo, Andrew"]
[Black "Gracia Alvarez, Gerardo Antonio"]
[Result "1/2-1/2"]
[WhiteElo "2321"]
[BlackElo "2201"]
[PlyCount "37"]
[EventDate "2023.06.30"]
[EventType "swiss"]
[EventRounds "9"]
[EventCountry "USA"]
[SourceTitle "EXT 2024"]
[Source "ChessBase"]
[SourceDate "2023.10.10"]
[SourceVersion "1"]
[SourceVersionDate "2023.10.10"]
[SourceQuality "1"]

1. d4 d5 2. c4 e6 3. Nf3 Nf6 4. g3 Be7 5. Bg2 0-0 6. 0-0 c6 7. Qc2 b6 8. Nbd2 c5 9. b3 Nc6 10. Bb2 Ba6 11. dxc5 bxc5 12. Ne5 Nxe5 13. Bxe5 Qb6 14. e3 Rfd8 15. Rfd1 Rac8 16. cxd5 exd5 17. Bh3 Rc6 18. Rac1 Bc8 19. Bg2 1/2-1/2

[Event "Titled Tuesday intern op 13th Jun Early"]
[Site "Chess.com INT"]
[Date "2023.06.13"]
[Round "1"]
[White "Gracia Alvarez, Gerardo Antonio"]
[Black "Rakotomaharo, Fy Antenaina"]
[Result "0-1"]
[WhiteElo "2222"]
[BlackElo "2462"]
[PlyCount "72"]
[EventDate "2023.06.13"]
[EventType "swiss (blitz)"]
[EventRounds "11"]
[EventCountry "USA"]
[SourceTitle "EXT 2024"]
[Source "ChessBase"]
[SourceDate "2023.10.10"]
[SourceVersion "1"]
[SourceVersionDate "2023.10.10"]
[SourceQuality "1"]

1. d4 d5 2. c4 e5 3. dxe5 d4 4. Nf3 Nc6 5. a3 a5 6. g3 Be6 7. Nbd2 Qd7 8. b3 h6 9. Bb2 g5 10. Qc2 g4 11. Nh4 Nxe5 12. Bg2 c6 13. Be4 Nf6 14. Bf5 Bg7 15. Bxe6 fxe6 16. Ng6 Nxg6 17. Qxg6+ Kf8 18. Ne4 Nxe4 19. Qxe4 h5 20. 0-0-0 Rd8 21. f3 gxf3 22. Rhf1 Kg8 23. Rxf3 e5 24. Rdf1 Qg4 25. Qc2 Rh6 26. Kb1 Rhd6 27. c5 Rd5 28. b4 axb4 29. axb4 Kh8 30. Rf7 R5d7 31. Qc4 Rxf7 32. Rxf7 Qg6+ 33. Ka2 Ra8+ 34. Kb3 Qb1 35. Qc1 Qa2+ 36. Kc2 Qxf7 0-1

[Event "Titled Tuesday intern op 13th Jun Early"]
[Site "Chess.com INT"]
[Date "2023.06.13"]
[Round "4"]
[White "Zochowski, Kacper"]
[Black "Gracia Alvarez, Gerardo Antonio"]
[Result "1-0"]
[WhiteElo "2252"]
[BlackElo "2222"]
[PlyCount "105"]
[EventDate "2023.06.13"]
[EventType "swiss (blitz)"]
[EventRounds "11"]
[EventCountry "USA"]
[SourceTitle "EXT 2024"]
[Source "ChessBase"]
[SourceDate "2023.10.10"]
[SourceVersion "1"]
[SourceVersionDate "2023.10.10"]
[SourceQuality "1"]

1. Nf3 c5 2. c3 d5 3. d4 cxd4 4. cxd4 Nf6 5. Nc3 Nc6 6. Bf4 Bf5 7. e3 e6 8. Be2 Bd6 9. Bxd6 Qxd6 10. 0-0 h6 11. a3 0-0 12. Rc1 Rfc8 13. Na4 Nd7 14. Qd2 Rc7 15. Nc5 Nxc5 16. dxc5 Qe7 17. Nd4 Bg6 18. Nb5 Rd7 19. b4 a5 20. Ra1 Rdd8 21. Nd4 axb4 22. axb4 e5 23. Nb5 Rxa1 24. Rxa1 d4 25. exd4 Nxd4 26. Nxd4 Rxd4 27. Qc3 Qd7 28. h3 Be4 29. Qe3 Qd5 30. f3 Bg6 31. Qc3 Rd2 32. Bf1 Rc2 33. Qe3 Rb2 34. b5 Rc2 35. Rc1 Rxc1 36. Qxc1 Qd4+ 37. Kh2 Bf5 38. c6 bxc6 39. bxc6 Bc8 40. c7 Qd6 41. Kh1 Kf8 42. Qc4 Ke7 43. Bd3 Qe6 44. Qc3 Qd6 45. Be4 Qd1+ 46. Kh2 Qd4 47. Qc6 Qd7 48. Qc4 f5 49. Bc2 Qd6 50. Qg8 e4+ 51. Kh1 exf3 52. Qxg7+ Ke6 53. Bb3+ 1-0

[Event "Titled Tuesday intern op 02nd May Early"]
[Site "Chess.com INT"]
[Date "2023.05.02"]
[Round "9"]
[White "Gracia Alvarez, Gerardo Antonio"]
[Black "Sousa, Andre Ventura"]
[Result "0-1"]
[WhiteElo "2237"]
[BlackElo "2472"]
[PlyCount "60"]
[EventDate "2023.05.02"]
[EventType "swiss (blitz)"]
[EventRounds "11"]
[EventCountry "USA"]
[SourceTitle "EXT 2024"]
[Source "ChessBase"]
[SourceDate "2023.10.10"]
[SourceVersion "1"]
[SourceVersionDate "2023.10.10"]
[SourceQuality "1"]

1. e4 e5 2. Nc3 Nf6 3. d4 exd4 4. Qxd4 Nc6 5. Qd3 Bb4 6. Bd2 0-0 7. 0-0-0 Re8 8. Nge2 d6 9. Bg5 h6 10. Bxf6 Qxf6 11. Nd5 Qd8 12. Nxb4 Nxb4 13. Qd2 a5 14. a3 Nc6 15. Nc3 Be6 16. f3 Ne5 17. Qd4 Qg5+ 18. Kb1 Red8 19. h4 Qf6 20. Be2 c6 21. g4 b5 22. g5 hxg5 23. hxg5 Qf4 24. Na2 b4 25. a4 c5 26. Qf2 b3 27. Nc3 bxc2+ 28. Kxc2 Rab8 29. Rdg1 Rxb2+ 30. Kxb2 Qd2+ 0-1

[Event "Titled Tuesday intern op 02nd May Early"]
[Site "Chess.com INT"]
[Date "2023.05.02"]
[Round "2"]
[White "Harshavardhan, GB."]
[Black "Gracia Alvarez, Gerardo Antonio"]
[Result "1-0"]
[WhiteElo "2408"]
[BlackElo "2237"]
[PlyCount "133"]
[EventDate "2023.05.02"]
[EventType "swiss (blitz)"]
[EventRounds "11"]
[EventCountry "USA"]
[SourceTitle "EXT 2024"]
[Source "ChessBase"]
[SourceDate "2023.10.10"]
[SourceVersion "1"]
[SourceVersionDate "2023.10.10"]
[SourceQuality "1"]

1. e4 c5 2. Nf3 Nc6 3. Bb5 d6 4. 0-0 Bd7 5. c3 Nf6 6. Re1 a6 7. Ba4 b5 8. Bc2 Bg4 9. h3 Bxf3 10. Qxf3 g6 11. d3 Bg7 12. Nd2 0-0 13. Nf1 Nd7 14. Qd1 b4 15. Bd2 Rb8 16. Ne3 Re8 17. f4 e6 18. Rb1 Qc7 19. f5 Nde5 20. Rf1 Rbd8 21. f6 Bf8 22. Ng4 Nxg4 23. Qxg4 d5 24. Bf4 e5 25. Bg3 dxe4 26. dxe4 c4 27. Ba4 Qa5 28. Bxc6 Qb6+ 29. Kh2 Qxc6 30. cxb4 Bxb4 31. Rbd1 Rxd1 32. Qxd1 Qxe4 33. Qa4 Rb8 34. Qxa6 Bf8 35. Re1 Qa8 36. Qxa8 Rxa8 37. a3 c3 38. bxc3 Rxa3 39. Bxe5 h6 40. Bd4 Ra8 41. Kg3 Rc8 42. Kf3 Kh7 43. Rb1 g5 44. g4 Kg6 45. Ke4 h5 46. Rb7 hxg4 47. hxg4 Bd6 48. Kd3 Rh8 49. Rb1 Rh3+ 50. Kc4 Rg3 51. Kd5 Bf4 52. c4 Rxg4 53. c5 Rg2 54. c6 Rc2 55. Rf1 Bc7 56. Rh1 g4 57. Rh8 Kf5 58. Rh5+ Kg6 59. Rh8 Kf5 60. Rh7 g3 61. Rg7 Rd2 62. Kc4 Rc2+ 63. Kd3 Rxc6 64. Rxf7 Kg4 65. Rg7+ Kf3 66. f7 Bd6 67. Rg6 1-0

[Event "Sunnyvale 1000 GM Schev 04"]
[Site "Sunnyvale"]
[Date "2023.04.23"]
[Round "5.6"]
[White "Gracia Alvarez, Gerardo Antonio"]
[Black "Tang, Dylan"]
[Result "0-1"]
[WhiteElo "2238"]
[BlackElo "2057"]
[PlyCount "86"]
[EventDate "2023.04.21"]
[EventType "schev"]
[EventRounds "5"]
[EventCountry "USA"]
[SourceTitle "CBM 213 Extra"]
[Source "ChessBase"]
[SourceDate "2023.05.31"]
[SourceVersion "1"]
[SourceVersionDate "2023.05.31"]
[SourceQuality "1"]
[WhiteTeam "Team A"]
[BlackTeam "Team A"]
[WhiteTeamCountry "USA"]
[BlackTeamCountry "USA"]

1. d4 d5 2. c4 e6 3. Nc3 Nf6 4. cxd5 exd5 5. Bg5 c6 6. e3 Be7 7. Bd3 Nbd7 8. Nf3 Nf8 9. Qc2 Ne6 10. Bh4 g6 11. h3 Ng7 12. g4 Be6 13. Ne5 Nd7 14. Bg3 Rc8 15. h4 c5 16. h5 c4 17. Bxc4 dxc4 18. h6 Bf6 19. Ne4 0-0 20. Nxf6+ Nxf6 21. hxg7 Kxg7 22. f3 Rh8 23. g5 Nd5 24. Bf2 Qxg5 25. Rg1 Qf6 26. e4 Nf4 27. Be3 Qh4+ 28. Kd1 f6 29. Ng4 Bxg4 30. fxg4 Qh3 31. Qf2 Nd3 32. Qe2 Rhe8 33. Kd2 Rxe4 34. Rh1 Qxg4 35. Qh2 Qh5 36. Qg2 Qa5+ 37. Kc2 Rxe3 38. Rag1 Nf4 39. Qg4 Qc7 40. Rf1 Re2+ 41. Kb1 Re4 42. Rh4 Rxd4 43. Rfh1 h5 0-1

[Event "Sunnyvale 1000 GM Schev 04"]
[Site "Sunnyvale"]
[Date "2023.04.22"]
[Round "2.6"]
[White "Guo, Ethan"]
[Black "Gracia Alvarez, Gerardo Antonio"]
[Result "0-1"]
[WhiteElo "1964"]
[BlackElo "2238"]
[PlyCount "128"]
[EventDate "2023.04.21"]
[EventType "schev"]
[EventRounds "5"]
[EventCountry "USA"]
[SourceTitle "CBM 213 Extra"]
[Source "ChessBase"]
[SourceDate "2023.05.31"]
[SourceVersion "1"]
[SourceVersionDate "2023.05.31"]
[SourceQuality "1"]
[WhiteTeam "Team B"]
[BlackTeam "Team A"]
[WhiteTeamCountry "USA"]
[BlackTeamCountry "USA"]

1. e4 e6 2. d4 d5 3. Nc3 Nf6 4. exd5 exd5 5. Bd3 c5 6. dxc5 Bxc5 7. Nf3 0-0 8. 0-0 h6 9. h3 Re8 10. Bf4 Nc6 11. Re1 Rxe1+ 12. Qxe1 Nh5 13. Bh2 Be6 14. Rd1 Qf6 15. Be2 Bb4 16. Ne5 Nf4 17. Bxf4 Qxf4 18. Nd3 Qd4 19. Nxb4 Qxb4 20. Nb5 Qxe1+ 21. Rxe1 Rc8 22. Rd1 a6 23. Nd6 Rc7 24. a3 Ne7 25. c4 dxc4 26. Nxc4 Bxc4 27. Rc1 b5 28. b3 Rc5 29. bxc4 Nc6 30. Kf1 Na5 31. Ke1 Kf8 32. Kd1 bxc4 33. Kc2 Ke7 34. Kc3 Rb5 35. Bxc4 Nxc4 36. Kxc4 Rb2 37. Rf1 Kd6 38. Kc3 Re2 39. Kc4 h5 40. Rd1+ Ke6 41. Rf1 h4 42. a4 g5 43. Kc5 Ra2 44. Kb4 f5 45. Ka5 Ke5 46. Kxa6 Rxa4+ 47. Kb5 Ra2 48. Kc4 Kf4 49. Kd3 g4 50. hxg4 fxg4 51. Rh1 Rxf2 52. Rxh4 Kg3 53. Ke3 Rf8 54. Rh7 Re8+ 55. Kd2 Kxg2 56. Rg7 g3 57. Kd3 Kf2 58. Rf7+ Kg1 59. Rg7 g2 60. Kd2 Rh8 61. Ke3 Kh2 62. Kf2 Rf8+ 63. Ke2 g1Q 64. Rxg1 Kxg1 0-1

[Event "Titled Tuesday intern op 11th Apr Early"]
[Site "Chess.com INT"]
[Date "2023.04.11"]
[Round "11"]
[White "Kotyk, Michael"]
[Black "Gracia Alvarez, Gerardo Antonio"]
[Result "1-0"]
[WhiteElo "2012"]
[BlackElo "2238"]
[PlyCount "91"]
[EventDate "2023.04.11"]
[EventType "swiss (blitz)"]
[EventRounds "11"]
[EventCountry "USA"]
[SourceTitle "CBM 213 Extra"]
[Source "ChessBase"]
[SourceDate "2023.05.31"]
[SourceVersion "1"]
[SourceVersionDate "2023.05.31"]
[SourceQuality "1"]

1. Nf3 d5 2. e3 Nf6 3. c4 c6 4. b3 Bg4 5. h3 Bh5 6. Bb2 Nbd7 7. Nc3 e6 8. Ne2 Bxf3 9. gxf3 Bd6 10. Rg1 0-0 11. Ng3 Be5 12. Qc2 Qc7 13. f4 Bxb2 14. Qxb2 Rfe8 15. Rc1 a5 16. Be2 a4 17. cxd5 exd5 18. Nf5 g6 19. h4 axb3 20. axb3 Kf8 21. Nh6 Qd6 22. h5 c5 23. hxg6 hxg6 24. Qb1 Qe6 25. f5 Qe4 26. fxg6 fxg6 27. Rxg6 Qxb1 28. Rxb1 Ne4 29. Bb5 Rad8 30. f3 Nef6 31. Ke2 Ke7 32. Rg7+ Ke6 33. Rc1 Rh8 34. Ng4 Nxg4 35. fxg4 Rh2+ 36. Kd3 Ne5+ 37. Kc2 d4 38. exd4 Rxd4 39. Rxb7 Rdxd2+ 40. Kc3 Rd4 41. Bc4+ Nxc4 42. bxc4 Rh3+ 43. Kb2 Rd2+ 44. Kb1 Rhh2 45. Rb5 Kd6 46. g5 1-0

[Event "Titled Tuesday intern op 11th Apr Early"]
[Site "Chess.com INT"]
[Date "2023.04.11"]
[Round "2"]
[White "Sahakyan, Aleks"]
[Black "Gracia Alvarez, Gerardo Antonio"]
[Result "0-1"]
[WhiteElo "2328"]
[BlackElo "2238"]
[PlyCount "84"]
[EventDate "2023.04.11"]
[EventType "swiss (blitz)"]
[EventRounds "11"]
[EventCountry "USA"]
[SourceTitle "CBM 213 Extra"]
[Source "ChessBase"]
[SourceDate "2023.05.31"]
[SourceVersion "1"]
[SourceVersionDate "2023.05.31"]
[SourceQuality "1"]

1. d4 Nf6 2. Nf3 g6 3. Nc3 d5 4. Bf4 Bg7 5. e3 0-0 6. Nb5 Ne8 7. c4 c6 8. Nc3 Bg4 9. h3 Bxf3 10. Qxf3 e6 11. Bd3 Nd7 12. 0-0 dxc4 13. Bxc4 e5 14. dxe5 Nxe5 15. Bxe5 Bxe5 16. Rad1 Qe7 17. Ne4 Bxb2 18. Rd2 Nf6 19. Ng5 Be5 20. Rfd1 h6 21. Nxf7 Rxf7 22. Bxf7+ Qxf7 23. g3 Nd5 24. Qxf7+ Kxf7 25. e4 Nc3 26. Rd7+ Ke6 27. R1d3 Nxe4 28. Rh7 b5 29. Rxh6 Kf6 30. Rh7 Nc5 31. Rf3+ Ke6 32. Re3 Kd5 33. Kg2 a5 34. f4 Bd4 35. Re2 b4 36. g4 a4 37. f5 gxf5 38. Rh5 b3 39. axb3 axb3 40. Rxf5+ Kc4 41. Rf4 Ra2 42. Kf3 b2 0-1

[Event "Titled Tuesday intern op 11th Apr Early"]
[Site "Chess.com INT"]
[Date "2023.04.11"]
[Round "7"]
[White "Warchol, Kamil"]
[Black "Gracia Alvarez, Gerardo Antonio"]
[Result "0-1"]
[WhiteElo "2173"]
[BlackElo "2238"]
[PlyCount "78"]
[EventDate "2023.04.11"]
[EventType "swiss (blitz)"]
[EventRounds "11"]
[EventCountry "USA"]
[SourceTitle "CBM 213 Extra"]
[Source "ChessBase"]
[SourceDate "2023.05.31"]
[SourceVersion "1"]
[SourceVersionDate "2023.05.31"]
[SourceQuality "1"]

1. e4 c5 2. Nf3 Nc6 3. Bb5 d6 4. c3 Nf6 5. Qe2 e5 6. d4 cxd4 7. cxd4 Bd7 8. Bxc6 Bxc6 9. Nc3 exd4 10. Nxd4 Be7 11. 0-0 0-0 12. Rd1 Re8 13. Bf4 Bf8 14. f3 d5 15. Kh1 Qb6 16. Nxc6 bxc6 17. Be3 Qb8 18. Qc2 Bd6 19. Bg1 dxe4 20. Nxe4 Nxe4 21. fxe4 Be5 22. Rab1 Re6 23. b3 Rh6 24. h3 Qc8 25. Rbc1 Qe6 26. Qd3 Re8 27. Qf3 Rf6 28. Qe2 Bb8 29. Rc4 h5 30. Qxh5 Rh6 31. Qf3 Qe5 32. Qc3 Qe6 33. Qf3 Rg6 34. Qf5 Kh7 35. Qxe6 Rexe6 36. Rd7 Ref6 37. Rb7 Be5 38. Rxa7 Rf1 39. Ra6 Bg3 0-1

[Event "Mexican op 68th"]
[Site "Mexico City"]
[Date "2023.04.05"]
[Round "2"]
[White "Gracia Alvarez, Gerardo Antonio"]
[Black "Martinez Alcantara, Jose Eduardo"]
[Result "0-1"]
[WhiteElo "2238"]
[BlackElo "2607"]
[PlyCount "92"]
[EventDate "2023.04.04"]
[EventType "swiss"]
[EventRounds "9"]
[EventCountry "MEX"]
[SourceTitle "CBM 213 Extra"]
[Source "ChessBase"]
[SourceDate "2023.05.31"]
[SourceVersion "1"]
[SourceVersionDate "2023.05.31"]
[SourceQuality "1"]

1. d4 Nf6 2. c4 e6 3. Bf4 Bb4+ 4. Nd2 c5 5. dxc5 Bxc5 6. e3 0-0 7. Ngf3 b6 8. Be2 Bb7 9. 0-0 Be7 10. Nd4 Nc6 11. Nxc6 Bxc6 12. Nf3 d6 13. Nd4 Bd7 14. Nb5 Bxb5 15. cxb5 d5 16. Rc1 Bd6 17. Bxd6 Qxd6 18. Rc6 Qe7 19. Qc2 Rad8 20. Rc1 Rd7 21. Rc7 Rfd8 22. Qc6 g6 23. a3 Kg7 24. Bf3 Ne8 25. Rxd7 Rxd7 26. Qc3+ Qf6 27. Qxf6+ Kxf6 28. Rc6 Ke7 29. g4 Rc7 30. Rxc7+ Nxc7 31. Be2 e5 32. f3 f5 33. gxf5 gxf5 34. Kf2 Kf6 35. Kg3 Ne6 36. Bd3 e4 37. fxe4 fxe4 38. Bf1 Ke5 39. Kf2 d4 40. exd4+ Nxd4 41. Ke3 Nf5+ 42. Kd2 Kd4 43. Be2 Nh4 44. h3 Nf3+ 45. Kd1 Ke3 46. b4 Kf2 0-1

[Event "Titled Tuesday intern op 24th Jan Late"]
[Site "Chess.com INT"]
[Date "2023.01.24"]
[Round "3"]
[White "Gracia Alvarez, Gerardo Antonio"]
[Black "Richter, Paul"]
[Result "1-0"]
[WhiteElo "2238"]
[BlackElo "2171"]
[PlyCount "119"]
[EventDate "2023.01.24"]
[EventType "swiss (blitz)"]
[EventRounds "11"]
[EventCountry "USA"]
[SourceTitle "EXT 2024"]
[Source "ChessBase"]
[SourceDate "2023.10.10"]
[SourceVersion "1"]
[SourceVersionDate "2023.10.10"]
[SourceQuality "1"]

1. e4 c5 2. Nf3 d6 3. d4 cxd4 4. Qxd4 Nc6 5. Qe3 g6 6. Be2 Bg7 7. 0-0 Nf6 8. h3 0-0 9. Rd1 Qc7 10. Nc3 a6 11. Qf4 b5 12. Qh4 h5 13. Bg5 Be6 14. a4 bxa4 15. Rxa4 a5 16. Bc4 Nb4 17. Bxe6 fxe6 18. Nd4 Qd7 19. Rda1 Nh7 20. Nde2 Nxc2 21. Rc1 Nb4 22. Bxe7 Rf7 23. Bg5 Nd3 24. Rca1 Nxb2 25. Rxa5 Rxa5 26. Rxa5 Nc4 27. Ra8+ Rf8 28. Rxf8+ Nxf8 29. Qg3 Ne5 30. Bf4 Nf7 31. Be3 Qc6 32. Bd4 Qc4 33. Bxg7 Kxg7 34. Qe3 Ne5 35. Nd4 Qc7 36. f4 Nc6 37. Ncb5 Qd7 38. Qc3 Nxd4 39. Qxd4+ Kg8 40. Nxd6 Qc7 41. e5 Qd7 42. Qc4 Qg7 43. Kh2 Qh6 44. g3 h4 45. g4 Qg7 46. Ne4 Qa7 47. Kg2 Qb7 48. Qe2 Qa7 49. Nf6+ Kg7 50. Ne4 Qb7 51. Kh2 Nd7 52. Ng5 Nf8 53. Qa2 Qb4 54. Qf2 Qc4 55. Kg2 Nd7 56. Qf3 Nc5 57. Qf2 Nd3 58. Qa7+ Kg8 59. Qf7+ Kh8 60. Qh7# 1-0